Zambia human rights manifesto (Record no. 83391)
[ view plain ]
| 000 -LEADER | |
|---|---|
| fixed length control field | 00720nam a2200169 a 4500 |
| 008 - FIXED-LENGTH DATA ELEMENTS--GENERAL INFORMATION | |
| fixed length control field | 060522s2001 ||||||||||||||||| || u |
| 050 ## - LIBRARY OF CONGRESS CALL NUMBER | |
| Classification number | AFRONET(01)2009A |
| 110 ## - MAIN ENTRY--CORPORATE NAME | |
| Corporate name or jurisdiction name as entry element | Inter-African Network for Human Rights and Development (Afronet) |
| 245 10 - TITLE STATEMENT | |
| Title | Zambia human rights manifesto |
| 260 ## - PUBLICATION, DISTRIBUTION, ETC. | |
| Place of publication, distribution, etc. | Lusaka: |
| Name of publisher, distributor, etc. | Afronet |
| Date of publication, distribution, etc. | 2001 |
| 300 ## - PHYSICAL DESCRIPTION | |
| Extent | 11p. |
| 350 ## - | |
| -- | 0.00 |
| 650 ## - SUBJECT ADDED ENTRY--TOPICAL TERM | |
| Topical term or geographic name entry element | HUMAN RIGHTS--ZAMBIA |
| 650 ## - SUBJECT ADDED ENTRY--TOPICAL TERM | |
| Topical term or geographic name entry element | ZAMBIA |
| 995 ## - | |
| -- | SPECIAL COLLECTIONS |
| -- | 2184 |
| -- | CBU-MAIN LIBRARY (Kitwe) |
| -- | 0.00 |
| -- | AFRONET(01)2009B |
| -- | 2 |
| -- | AVAILABLE |
| -- | May 26, 2016 |
| -- | B2184 |
| -- | Zambiana Collection |
| 995 ## - | |
| -- | SPECIAL COLLECTIONS |
| -- | 0.00 |
| -- | 0300302 |
| -- | CBU-MAIN LIBRARY (Kitwe) |
| -- | 1 |
| -- | 0.00 |
| -- | AFRONET(01)2001A |
| -- | 1 |
| -- | AVAILABLE |
| -- | May 22, 2006 |
| -- | 03000302 |
| -- | Zambiana Collection |
| 999 ## - | |
| -- | 83391 |
| -- | 83391 |
| Withdrawn status | Lost status | Source of classification or shelving scheme | Damaged status | Not for loan | Permanent Location | Current Location | Shelving location | Date acquired | Total Checkouts | Full call number | Barcode | Date last seen | Copy number | Price effective from | Koha item type |
|---|---|---|---|---|---|---|---|---|---|---|---|---|---|---|---|
| CBU-MAIN LIBRARY, KITWE. | CBU-MAIN LIBRARY, KITWE. | 10/30/2023 | AFRONET(01)2009B | B2184 | 10/30/2023 | 1 | 10/30/2023 | SPECIAL COLLECTION | |||||||
| CBU-MAIN LIBRARY, KITWE. | CBU-MAIN LIBRARY, KITWE. | 10/30/2023 | AFRONET(01)2009A | 03000302 | 10/30/2023 | 2 | 10/30/2023 | SPECIAL COLLECTION |